Basic college algebra (Record no. 17021)

000 -LEADER
fixed length control field 00359cam a2200145 4500
020 ## - INTERNATIONAL STANDARD BOOK NUMBER
ISBN 0669739995
040 ## - CATALOGING SOURCE
Transcribing agency DLC
082 00 - DEWEY DECIMAL CLASSIFICATION NUMBER
Classification number 512 HEA 1972 A106 Or.
100 1# - MAIN ENTRY--AUTHOR NAME
Personal name Hart, William Le Roy,
245 10 - TITLE STATEMENT
Title Basic college algebra
260 ## - PUBLICATION, DISTRIBUTION, ETC. (IMPRINT)
Place of publication Lexington, Mass.,
Name of publisher D. C. Heath
Year of publication [1972]
300 ## - PHYSICAL DESCRIPTION
Number of Pages xvi, 359 p.
Other physical details illus.
Dimensions 24 cm.
650 #0 - SUBJECT ADDED ENTRY--TOPICAL TERM
Topical Term Algebra.
942 ## - ADDED ENTRY ELEMENTS (KOHA)
Koha item type សៀវភៅភាសាអង់គ្លេស
952 ## - LOCATION AND ITEM INFORMATION (KOHA)
Withdrawn status [LOCAL, KOHA] 0
Holdings
Permanent Location Date acquired Koha item type Lost status Shelving location Barcode Current Location Full call number
Library Block A2018-07-17សៀវភៅភាសាអង់គ្លេស A106A16988Library Block A512 HEA 1972 A106 Or.
មជ្ឈមណ្ឌលឯការនៃសាកលវិទ្យាល័យភូមិន្ទកសិកម្មចំការដូង

Powered by Koha